000
00216nam a22000857a 4500
008
161227b xxu||||| |||| 00| 0 eng d
100
_9
2156
_a
Hemalata
245
_a
Mahagiri
260
_a
New Delhi
_b
Childrens Book Trust
_c
2011
999
_c
5046
_d
5046